000 00927naa a22002777a 4500
001 BR8703751
003 BR-BrBNA
005 20240918175817.0
007 ta
008 230509b bl.||||| |||| 00| 0 por d
040 _aBR-BrBNA
_bpor
_cBiblioteca Nacional de Agricultura
041 _a(Pt)
072 _aH10
_b1720
_b4050
090 _aH10 BR8703751
100 1 _aNolasco, F.
245 1 _aO nematoide da haste e do bulbo (Ditylenchus dipsaci Filipjev)de alho (Allium sativum L.)e seu controle
260 3 _aVicosa, MG (Brasil):
_c1983.
500 _aSeminarios de Olericultura. Volume 9 Vicosa, MG (Brasil): 1983. p. 106-137 (BR8703751-AM)H10
650 _aALHO
650 _aBULBO
650 _aNEMATOIDE
650 _aCONTROLE CULTURAL
773 0 _tSeminarios de Olericultura. Volume 9
_wH10 BR8703751
_gVicosa, MG (Brasil), 1983. p. 106-137
909 _a202404
_bLucia
_c55
_dLucia Elande
942 _cAM
_2AGRIS
999 _c318219
_d318219